• 首页
  • 本馆介绍
  • 公告通知
  • 最新文献
  • 馆藏检索
  • 电子资源
  • 读者导购
  • 参考咨询
  • 我的图书馆
  • 登录
  • 详细信息显示
  • 放入我的书架
  • 预约/预借图书
  • 作者相关作品
  • 分类相关作品
  • 丛书相关作品
  • 出版社相关作品

书目信息

  • 表格格式
  • 工作单格式
  • 卡片格式
题名:
助残保障法律法规
    
 
作者: 叶浦芳 主编
分册: 上  
出版信息: 汕头   汕头大学出版社  2018.1
页数: 138页
开本: 22cm
丛书名: 社会公益法律法规学习读本
单 册:
中图分类: D922.74
科图分类:
主题词: 残疾人保障法--中国--学习参考资料
电子资源:
ISBN: 978-7-5658-3333-5
000 01059oam2 2200253 45
001 012001000762
005 20180920144928.04
010    @a978-7-5658-3333-5@dCNY29.80
100    @a20180118d2018 em y0chiy0110 ea
101 0  @achi
102    @aCN@b440000
105    @ay z 000yy
106    @ar
200 1  @a助残保障法律法规@9Zhu Can Bao Zhang Fa Lv Fa Gui@h上@f叶浦芳主编
210    @a汕头@c汕头大学出版社@d2018.1
215    @a138页@d22cm
225 2  @a社会公益法律法规学习读本
330    @a本作品包括了广大人民群众应知应懂、实际实用的有关社会公益法律法规,同时附录还列举了相应的解读解答、案例分析、实施细则、政策制度、应用表格等内容,用以配套辅导学习。本套作品共计2册,分别是:《助残保障法律法规》 《殡葬捐赠法律法规》。其中《助残保障法律法规》包括《中华人民共和国残疾人保障法》 《残疾人教育条例》等法律法规内容。
461  0 @12001 @a社会公益法律法规学习读本
606 0  @a残疾人保障法@y中国@j学习参考资料
690    @aD922.74@v5
701  0 @a叶浦芳@9Ye Pu Fang@4主编
801  0 @aCN@b上海新华@c20180901
905    @b1151157-61@dD922.74@e1885:1@f5
    
    助残保障法律法规.上/叶浦芳主编.-汕头:汕头大学出版社,2018.1
    138页;22cm.-(社会公益法律法规学习读本)
    
    
    ISBN 978-7-5658-3333-5:CNY29.80
    本作品包括了广大人民群众应知应懂、实际实用的有关社会公益法律法规,同时附录还列举了相应的解读解答、案例分析、实施细则、政策制度、应用表格等内容,用以配套辅导学习。本套作品共计2册,分别是:《助残保障法律法规》 《殡葬捐赠法律法规》。其中《助残保障法律法规》包括《中华人民共和国残疾人保障法》 《残疾人教育条例》等法律法规内容。
●
相关链接 在E读中查询图书 在五车中查询图书 在当当中查询图书 在豆瓣中查询图书


正题名:助残保障法律法规     索取号:D922.74/1885:1         预约/预借

序号 登录号 条形码 馆藏地/架位号 状态 备注
1 1151157   211511577   第一样本阅览室/ [索取号:D922.74/1885:1] 在馆    
2 1151158   211511586   密集书库-史法系/ [索取号:D922.74/1885:1] 在馆    
3 1151159   211511595   第一借阅区/ [索取号:D922.74/1885:1] 在馆    
4 1151160   211511602   第一借阅区/ [索取号:D922.74/1885:1] 在馆    
5 1151161   211511611   第一借阅区/ [索取号:D922.74/1885:1] 在馆    
唐山师范学院图书馆 欢迎您!
大连网信软件有限公司© 版权所有